| 000 | 01264nam a2200229Ia 4500 | ||
|---|---|---|---|
| 003 | Ost | ||
| 005 | 20260507074856.0 | ||
| 008 | 260507s9999||||xx |||||||||||||| ||und|| | ||
| 020 | _a9772244101 | ||
| 040 | _cfsecg | ||
| 041 | _aara | ||
| 082 | _a341.75 | ||
| 100 |
_aمبروك، نزيه عبد المقصود _eمؤلف |
||
| 245 | 0 |
_aالتكامل الإقتصادي العربي وتحديات العولمة مع رؤية اسلامية / _c نزيه عبد المقصود مبروك |
|
| 260 |
_aالاسكندرية: _bدار الفكر الجامعي, _c2007 |
||
| 300 |
_a208 صفحة؛ _bإيضاحات ؛ _c24 سم |
||
| 504 | _aبيبليوغرافيا: ص.191 | ||
| 520 | _aيضم ماهية التكامل الاقتصادي ودوافعه ومزاياه، مسيرة التكامل الاقتصادي العربي ومعوقاته، كيفية تفعيل التكامل الاقتصادي العربي، التكامل الاقتصادي العربي والعولمة الاقتصادية، الشريعة الاسلامية والتكامل الاقتصادي العربي والعولمة الاقتصادية | ||
| 653 | _aالتكامل الإقتصادي- العالم العربي | ||
| 653 | _aالعولمة | ||
| 942 | _cكتاب | ||
| 999 |
_c41614 _d41614 |
||